| 000 | 00813nam a22001937a 4500 | ||
|---|---|---|---|
| 999 |
_c60980 _d60980 |
||
| 005 | 20231201155751.0 | ||
| 008 | 231201s1966ru xxu||||| |||| 00| 0 rus d | ||
| 041 | _arus | ||
| 080 | _a7.032 Ч-81 | ||
| 100 |
_aЧУБОВА, АННА ПЕТРОВНА _920552 |
||
| 245 |
_aАнтичная Живопись / _cА. П. Чубова, А. П. Иванова ; ред. О. С. Семионов. |
||
| 264 |
_aМосква : _bИскуство, _c1966. |
||
| 300 |
_a340 c .: _b+40 стр, цветых приклеек. 75 и _c28 см. |
||
| 653 | _aАнтичная Живопись | ||
| 653 | _aანტიკური მხატვრობა | ||
| 700 |
_aИванова. А. П. _920553 |
||
| 700 |
_aСемионов, О. С _eრედაქტორი _920554 |
||
| 942 |
_2udc _cᲬᲘᲒᲜᲘ |
||